| 000 | 00974nam a22002297a 4500 | ||
|---|---|---|---|
| 003 | 0 | ||
| 005 | 20250129103025.0 | ||
| 008 | 150918b xxu||||| |||| 00| 0 eng d | ||
| 050 |
_aPGS QR 201.S8 _b.J83 2015 |
||
| 100 | _aJose, Kyela Julienne F. | ||
| 245 |
_aThe effect of Citrofortunella microcarpa and alum on the growth of Staphylococcus aureus / _cKyela Julienne F. Jose. |
||
| 260 |
_aLas PiƱas City, Philippines : _bSouthville International School and Colleges, _c2015. |
||
| 300 |
_a23 pages.; _bcol. ill. ; _c28 cm. _fPASS |
||
| 504 | _aIncludes bibliographical references. | ||
| 650 |
_2Library of Congress Subject Headings _aStaphylococcus aureus _vGrowth. |
||
| 650 |
_2Library of Congress Subject Headings _aCitrofortunella microcarpa |
||
| 650 |
_2Library of Congress Subject Headings _aAntimicrobial agents. |
||
| 650 |
_aAlum _vPharmacological properties. |
||
| 650 | _aAntimicrobial activity of plants. | ||
| 650 | _aMicrobiology. | ||
| 942 |
_2lcc _cPASS |
||
| 999 |
_c288690 _d288690 |
||